000 00341nam a2200133Ia 4500
005 20260328101515.0
008 260328s9999||||xx |||||||||||||| ||und||
100 _aGraves, Maitland
245 4 _aThe Art of Color and Design /
_cMaitland Graves
260 _bMcGraw Hill
300 _a292 p.
650 _aDIBUJO ARQUITECTÓNICO
942 _cBK
999 _c9357
_d9357